Optimization in function spaces (Record no. 6169)
[ view plain ]
| 000 -LEADER | |
|---|---|
| fixed length control field | 00546 a2200181 4500 |
| 001 - CONTROL NUMBER | |
| control field | 131770 |
| 003 - CONTROL NUMBER IDENTIFIER | |
| control field | OSt |
| 005 - DATE AND TIME OF LATEST TRANSACTION | |
| control field | 20210917103256.0 |
| 008 - FIXED-LENGTH DATA ELEMENTS--GENERAL INFORMATION | |
| fixed length control field | |
| 082 ## - DEWEY DECIMAL CLASSIFICATION NUMBER | |
| Classification number | 515.392 |
| Item number | K84O |
| 100 1# - MAIN ENTRY--PERSONAL NAME | |
| Personal name | Kosmol, Peter |
| 245 1# - TITLE STATEMENT | |
| Title | Optimization in function spaces |
| Statement of responsibility, etc | by Peter Kosmol and Dieter Muller-Wichards |
| 260 ## - PUBLICATION, DISTRIBUTION, ETC. (IMPRINT) | |
| Place of publication, distribution, etc | Berlin |
| Name of publisher, distributor, etc | Walter de gruyter |
| Date of publication, distribution, etc | 2011 |
| 300 ## - PHYSICAL DESCRIPTION | |
| Extent | 388p. |
| 690 ## - LOCAL SUBJECT ADDED ENTRY--TOPICAL TERM (OCLC, RLIN) | |
| Topical term or geographic name as entry element | Mathematical optimization; Stability--Mathematical models; Orlicz spaces |
| 700 ## - ADDED ENTRY--PERSONAL NAME | |
| Personal name | Miller-Wichards, Dieter |
| 942 ## - ADDED ENTRY ELEMENTS (KOHA) | |
| Source of classification or shelving scheme | Dewey Decimal Classification |
| Koha item type | Books |
| Withdrawn status | Lost status | Source of classification or shelving scheme | Damaged status | Not for loan | Collection code | Home library | Current library | Date acquired | Source of acquisition | Cost, normal purchase price | Full call number | Barcode | Date last seen | Price effective from | Koha item type |
|---|---|---|---|---|---|---|---|---|---|---|---|---|---|---|---|
| Dewey Decimal Classification | General Text Book | Central University Of Rajasthan | Central University Of Rajasthan | 08/06/2012 | MTH | 119.95 | 515.392 K84O | 7850 | 21/11/2024 | 02/09/2020 | Books |
